| 000 | 00386nam a2200133Ia 4500 | ||
|---|---|---|---|
| 008 | 220216s9999 xx 000 0 und d | ||
| 100 | _aRodriguez A S | ||
| 245 | 0 | _aPolyacrylonitrile determination in acrylonitrile-butadiene rubber | |
| 260 |
_bJournal of Applied Polymer Science _c1997 |
||
| 300 | _a187-190 | ||
| 700 | _aMartinez-Quiroz E | ||
| 700 | _aPolicroniades R | ||
| 942 | _cJS | ||
| 999 |
_c65227 _d65227 |
||